000 00918nam a2200265 a 4500
001 51011
003 BD-RjUL
005 20211209075610.0
008 160829s1961 cau 000 0 eng
035 _a(BD-RjUL)51131
040 _aDLC
_cWSU
_dSER
_dOCL
_dUKM
_dEQO
_dBD-RjUL
_beng
041 1 _aeng
_hrus
082 _a512.21
_223
_bGES 1961
100 1 _aGelfond, A. O.
_q(Aleksandr Osipovich),
_d1906-1968.
_9152629
245 1 4 _aThe solution of equations in integers /
_cTranslated from the Russian and edited by J.B. Roberts.
260 _aSan Francisco :
_bW.H. Freeman,
_cc1961
300 _a62 p. ;
_c21 cm.
490 1 _aSeries of undergraduate books in mathematics
490 0 _aGolden Gate books
650 0 _aEquations
_xNumerical solutions.
_9152160
650 0 _aNumber theory.
_9152630
830 0 _aSeries of undergraduate books in mathematics
_9117041
942 _2ddc
_cBK
999 _c51011
_d51011